Безопасность в Северо-Кавказском федеральном округе в современных условиях (Запись № 10412555)
[ простой вид ]
| 000 -МАРКЕР | |
|---|---|
| контрольное поле | 02193nam0a2200385 i 4500 |
| 001 - ИДЕНТИФИКАТОР ЗАПИСИ | |
| контрольное поле | RU\NLR\BIBL_A\010859190 |
| 005 - ИДЕНТИФИКАТОР ВЕРСИИ | |
| контрольное поле | 20260409063044.0 |
| 010 ## - МЕЖДУНАРОДНЫЙ СТАНДАРТНЫЙ НОМЕР КНИГИ (ISBN) | |
| Номер (ISBN) | 9785929607240 |
| Тираж | 120 |
| 021 ## - НОМЕР ГОСУДАРСТВЕННОЙ РЕГИСТРАЦИИ | |
| Код страны | Российская Федерация |
| Номер | 2015-67322 |
| Номер Листа государственной регистраци | 4029 |
| 035 ## - ДРУГИЕ СИСТЕМНЫЕ НОМЕРА | |
| Идентификатор записи | (NILC)RuMoRGB-008012493 |
| 035 ## - ДРУГИЕ СИСТЕМНЫЕ НОМЕРА | |
| Идентификатор записи | (NLR Aleph) 010859190 |
| 100 ## - ДАННЫЕ ОБЩЕЙ ОБРАБОТКИ | |
| Данные общей обработки | 20151012d2015 km y0rusy50 ca |
| 101 0# - ЯЗЫК РЕСУРСА | |
| Язык текста, звукозаписи и т.д. | русский |
| 102 ## - СТРАНА ПУБЛИКАЦИИ ИЛИ ПРОИЗВОДСТВА | |
| Страна публикации | Российская Федерация |
| 105 ## - ПОЛЕ КОДИРОВАННЫХ ДАННЫХ: ТЕКСТОВЫЕ МАТЕРИАЛЫ, МОНОГРАФИЧЕСКИЕ | |
| Кодированные данные о монографическом текстовом документе | a z 000yy |
| 200 1# - ЗАГЛАВИЕ И СВЕДЕНИЯ ОБ ОТВЕТСТВЕННОСТИ | |
| Основное заглавие | Безопасность в Северо-Кавказском федеральном округе в современных условиях |
| Сведения, относящиеся к заглавию | коллективная монография |
| Первые сведения об ответственности | [Медведев Н. П., Васильев Ю. В., Аствацатурова М. А. и др.] |
| Последующие сведения об ответственности | отв. ред. д.филос.н., проф. Н. П. Медведев |
| -- | М-во образования и науки Российской Федерации, Федеральное гос. авт. образоват. учреждение высш. проф. образования "Северо-Кавказский федеральный ун-т" |
| 210 ## - ПУБЛИКАЦИЯ, РАСПРОСТРАНЕНИЕ И ДР. | |
| Место издания, распространения и т.д. | Ставрополь |
| Имя издателя, распространителя и т. д. | Изд-во СКФУ |
| Дата издания, распространения и т.д. | 2015 |
| 215 ## - ФИЗИЧЕСКАЯ ХАРАКТЕРИСТИКА | |
| Специфическое обозначение материала и объем | 166 с. |
| Другие сведения о физической характеристике | ил., табл. |
| Размеры | 30 |
| 300 ## - ОБЩИЕ ПРИМЕЧАНИЯ | |
| Текст примечания | Авт. указаны в содерж. |
| 606 1# - НАИМЕНОВАНИЕ ТЕМЫ КАК ПРЕДМЕТ | |
| Наименование темы | Национальная безопасность |
| Географический подзаголовок | Кавказ Северный |
| Системный номер авторитетной/нормативной записи | 2522530 |
| Идентификатор авторитетной/нормативной записи | RU\NLR\AUTH\661494685 |
| 675 ## - УНИВЕРСАЛЬНАЯ ДЕСЯТИЧНАЯ КЛАССИФИКАЦИЯ (UDC/УДК) | |
| Индекс | 355/359 |
| 686 1# - ИНДЕКСЫ ДРУГИХ КЛАССИФИКАЦИЙ | |
| Индекс | Х621.162 |
| 686 1# - ИНДЕКСЫ ДРУГИХ КЛАССИФИКАЦИЙ | |
| Индекс | Ц8(2Р37)1 |
| 686 1# - ИНДЕКСЫ ДРУГИХ КЛАССИФИКАЦИЙ | |
| Индекс | Ф5(2Р37) |
| 701 #1 - ИМЯ ЛИЦА - АЛЬТЕРНАТИВНАЯ ОТВЕТСТВЕННОСТЬ | |
| Код отношения | Автор |
| -- | Редактор |
| Материалы, к которым относится поле | rus |
| Графика поля | Кириллица |
| Начальный элемент ввода | Медведев |
| Часть имени, кроме начального элемента ввода | Н. П. |
| Дополнения к именам, кроме дат | д-р филос. наук |
| Расширение инициалов личного имени | Николай Петрович |
| Идентификатор авторитетной/нормативной записи | RU\NLR\AUTH\7742994 |
| Системный номер авторитетной/нормативной записи | 25937 |
| 701 #1 - ИМЯ ЛИЦА - АЛЬТЕРНАТИВНАЯ ОТВЕТСТВЕННОСТЬ | |
| Материалы, к которым относится поле | rus |
| Графика поля | Кириллица |
| Начальный элемент ввода | Васильев |
| Часть имени, кроме начального элемента ввода | Ю. В. |
| Дополнения к именам, кроме дат | д-р полит. наук, канд. юрид. наук |
| Даты | 1953- |
| Расширение инициалов личного имени | Юрий Владимирович |
| Идентификатор авторитетной/нормативной записи | RU\NLR\AUTH\7776347 |
| Системный номер авторитетной/нормативной записи | 59275 |
| 701 #1 - ИМЯ ЛИЦА - АЛЬТЕРНАТИВНАЯ ОТВЕТСТВЕННОСТЬ | |
| Начальный элемент ввода | Аствацатурова |
| Часть имени, кроме начального элемента ввода | М. А. |
| Расширение инициалов личного имени | Майя Арташесовна |
| 712 02 - НАИМЕНОВАНИЕ ОРГАНИЗАЦИИ - ВТОРИЧНАЯ ОТВЕТСТВЕННОСТЬ | |
| Код отношения | Прочие |
| Начальный элемент ввода | Северо-Кавказский федеральный университет |
| Идентифицирующий признак | Ставрополь |
| Идентификатор авторитетной/нормативной записи | RU\NLR\AUTH\8810236290 |
| Системный номер авторитетной/нормативной записи | 357867 |
| 801 #0 - ИСТОЧНИК ЗАПИСИ | |
| Страна | Российская Федерация |
| Организация | РГБ |
| Дата составления | 20150903 |
| Правила каталогизации | RCR |
| 942 ## - ДОПОЛНИТЕЛЬНЫЕ ЭЛЕМЕНТЫ ЗАПИСИ (АБИС) | |
| Тип экземпляра АБИС | Книга |
| 980 ## - КОЛЛЕКЦИЯ | |
| Название коллекции | НБР |
Нет доступных экземпляров.